| LEADER | 01129nam a2200265 a 4500 | ||
|---|---|---|---|
| 001 | c000312280 | ||
| 003 | CARM | ||
| 005 | 00000000000000.0 | ||
| 008 | s1966 a b 00010 eng d | ||
| 019 | 1 | |a 4862282 |5 LACONCORD2021 | |
| 035 | |a (OCoLC)220383943 |5 LACONCORD2021 | ||
| 040 | |a VDU |c VDU | ||
| 082 | 0 | 4 | |a 530.41 |2 20 |
| 100 | 1 | |a Piper, Thomas C. | |
| 245 | 1 | 2 | |a A study at high energy-resolution and at low primary energies of the secondary electron emission from (100) tungsten / |c Thomas C. Piper. |
| 260 | |a [S.l. : |b s.n.] ; |c 1966. | ||
| 300 | |a 114 leaves : |b ill. ; |c 28 cm. | ||
| 500 | |a "This work was supported by the Joint Services Electronics Program (U.S. Navy, and U.S. Air Force) under contract no. DA 28 043 AMC 0073(E)" | ||
| 504 | |a Bibliography: p. 111-113. | ||
| 650 | 0 | |a Electrons |x Emission. | |
| 650 | 0 | |a Tungsten. | |
| 710 | 2 | 0 | |a Joint Services Electronics Program. |
| 852 | 8 | |b CARM |h A3:AD01D0 |i F05571 |p 0472013 |f BK | |
| 999 | f | f | |i 3a424793-6448-5bbb-a01c-1453ebed617e |s b403fef3-5114-5b96-8fb0-a1379b1de232 |
| 952 | f | f | |p Can circulate |a CAVAL |b CAVAL |c CAVAL |d CARM 1 Store |e F05571 |f A3:AD01D0 |h Other scheme |i book |m 0472013 |